| 000 | 00583nam a2200157Ia 4500 | ||
|---|---|---|---|
| 008 | 100204s9999 xx 000 0 und d | ||
| 082 | _b26400 | ||
| 100 | _aफोलेट केन | ||
| 245 | _aऑन द विंग्ज ऑफ ईगल्स | ||
| 260 |
_b"मेहता पब्लिशिंग हाऊस , पुणे" _c2004 |
||
| 300 | _a343 | ||
| 630 | _aऑन द विंग्ज ऑफ ईगल्स | ||
| 700 | _aलेले जोत्स्ना | ||
| 730 | _aऑन द विंग्ज ऑफ ईगल्स | ||
| 942 | _cBOOK | ||
| 999 |
_c471581 _d471578 |
||